000 00968nam a2200265 a 4500
001 BRCA_4856
005 20190320204831.0
008 011010s1919----gw-a######---#000-0#ger-#
041 _ager
044 _agw
050 4 _aNK3000
_b.S35 3
_c1919
100 1 _aSchmitz, Hermann
_99529
245 1 0 _aBild teppiche
_bGeschichte der Gobelinwirkerei
_cvon Hermann Schmitz.
260 _aBerlín
_bKunstwissenchaft
_c1919
300 _a352 p.
_bil. 158 láminas
_c24 cm.
500 _aIncluye ejemplos de marcas utilizadas en los tapices, comentarios generales del texto, índice de ilustraciones e índice onomástico
500 _aPublicado en la edición de arte del Museo de Artesanías del Estado de Berlín
500 _aEjemplar igual a Y92. Ver también D61, D139 y T59 (ed. de 1921)
500 _aT57
504 _aBibliografía: p. 349-352
650 1 4 _aTapices
_xHistoria
_95686
650 1 4 _aGobelinos
_xHistoria
_911900
902 _aGFM
942 _2lcc
_cB
999 _c4550
_d4550